LIBRARY & INFORMATION CENTRE, KCAET, TAVANUR

ONLINE PUBLIC ACCESS CATALOGUE (OPAC)

Information source in science and technology / (Record no. 8933)

MARC details
000 -LEADER
fixed length control field 00503cam a2200193ua 4500
041 ## - LANGUAGE CODE
Language code of text/sound track or separate title eng
082 ## - DEWEY DECIMAL CLASSIFICATION NUMBER
Classification number 028.7025
Item number CHH/IN
100 ## - MAIN ENTRY--AUTHOR NAME
Personal name Chhotey, Lal .
245 ## - TITLE STATEMENT
Title Information source in science and technology /
260 ## - PUBLICATION, DISTRIBUTION, ETC. (IMPRINT)
Place of publication New Delhi :
Name of publisher Bharati Publications ,
Year of publication 1986.
300 ## - PHYSICAL DESCRIPTION
Number of Pages 308 ; .
500 ## - GENERAL NOTE
General note **Reference
700 1# - ADDED ENTRY--PERSONAL NAME
Personal name Shohaib, Ahsan A .
942 ## - ADDED ENTRY ELEMENTS (KOHA)
Koha item type Books
Holdings
Withdrawn status Lost status Damaged status Home library Current library Date acquired Full call number Accession Number Koha item type
      KAUAET KAUAET 09/12/1986 028.7025 15975 Reference
free website counter